El principio del orden como meta-principio último de la racionalidad leibniziana /
Refiere a una propuesta de reconstrucción parcial de la metafísica leibniziana como "ontología de la individualidad sistémica", es un modelo reconstructivo esférico-axial en torno a tres ejes categoriales: individualidad-sistematicidad, uniformidad-diversidad y vitalidad-funcionalidad; est...
保存先:
| 第一著者: | |
|---|---|
| フォーマット: | テキスト |
| 主題: | |
| タグ: |
タグ追加
タグなし, このレコードへの初めてのタグを付けませんか!
|
MARC
| LEADER | 00000 a a2200000 04500 | ||
|---|---|---|---|
| 001 | 46152 | ||
| 003 | |||
| 040 | |||
| 100 | |a Nicolás, Juan-Antonio | ||
| 245 | |a El principio del orden como meta-principio último de la racionalidad leibniziana / |c Juan-Antonio Nicolás | ||
| 520 | |a Refiere a una propuesta de reconstrucción parcial de la metafísica leibniziana como "ontología de la individualidad sistémica", es un modelo reconstructivo esférico-axial en torno a tres ejes categoriales: individualidad-sistematicidad, uniformidad-diversidad y vitalidad-funcionalidad; esta estructura formal es sistematizada mediante un meta-principio último ("principio del orden general"), que incorpora la perspectiva de la finitud de la razón. | ||
| 590 | |a AMB/MAYO2014 | ||
| 650 | |a FILOSOFIA | ||
| 650 | |a ONTOLOGIA (CUUICS) | ||
| 650 | |a METAFISICA (TESAURO ISOC DE PSICOLOGIA) | ||
| 650 | |a RACIONALISMO (CIDCACS) | ||
| 773 | |g volumen51, número129 (2012), páginas 245-253 | ||
| 999 | |c 25736 |d 25736 | ||
